Văn hoá dân gian xứ Nghệ. t.IV, Hát phường vải và chèo tuồng /
Αποθηκεύτηκε σε:
| Κύριος συγγραφέας: | |
|---|---|
| Μορφή: | Sách giấy |
| Γλώσσα: | Vietnamese |
| Έκδοση: |
H. :
Văn hoá - Thông tin,
2012.
|
| Θέματα: | |
| Ετικέτες: |
Προσθήκη ετικέτας
Δεν υπάρχουν, Καταχωρήστε ετικέτα πρώτοι!
|
| Thư viện lưu trữ: | Thư viện Trường Đại học Đà Lạt |
|---|
| LEADER | 00870nam a2200325 4500 | ||
|---|---|---|---|
| 001 | DLU120141339 | ||
| 005 | ##20120917 | ||
| 020 | # | # | |a 9786045001073 |
| 040 | # | # | |a DLU |b vie |
| 041 | # | # | |a vie |
| 044 | # | # | |a vn |
| 082 | # | # | |a 390.095 97 |b NI-G |
| 100 | # | # | |a Ninh Viết Giao. |
| 245 | # | # | |a Văn hoá dân gian xứ Nghệ. |n t.IV, |p Hát phường vải và chèo tuồng / |c Ninh Viết Giao. |
| 260 | # | # | |a H. : |b Văn hoá - Thông tin, |c 2012. |
| 300 | # | # | |a 842 tr. ; |c 21 cm. |
| 650 | # | # | |a Văn học dân gian Việt Nam |z Việt Nam |z Nghệ An. |
| 650 | # | # | |a Văn hoá dân gian |z Việt Nam |z Nghệ An. |
| 923 | # | # | |a 05/2012 |
| 990 | # | # | |a t.IV |
| 991 | # | # | |a SH |
| 992 | # | # | |a 33700 |
| 994 | # | # | |a DLU |
| 900 | # | # | |a True |
| 911 | # | # | |a Đào Thị Thu Huyền |
| 925 | # | # | |a G |
| 926 | # | # | |a A |
| 927 | # | # | |a SH |
| 980 | # | # | |a Thư viện Trường Đại học Đà Lạt |


